[Event "Gashimov Memorial 3rd"]
[Site "Shamkir"]
[Date "2016.05.28"]
[Round "3"]
[White "Karjakin, Sergey"]
[Black "Harikrishna, Pentala"]
[Result "1-0"]
[WhiteElo "2779"]
[BlackElo "2763"]
[Annotator "Mekhitarian,K"]
[PlyCount "123"]
[EventDate "2016.05.26"]
[EventType "tourn"]
[EventRounds "9"]
[EventCountry "AZE"]
[EventCategory "20"]
[SourceTitle "CBM 173"]
[Source "ChessBase"]
[SourceDate "2016.07.12"]
[SourceVersion "1"]
[SourceVersionDate "2016.07.12"]
[SourceQuality "1"]

1. e4 e5 2. Nf3 Nf6 3. Nxe5 d6 4. Nf3 Nxe4 5. Nc3 Nxc3 6. dxc3 Be7 7. Be3 O-O
8. Qd2 Nd7 9. O-O-O c5 $5 $146 {A typical move to begin a possible counterplay
on the queenside, it is normally played after ...Nf6, but has never been tried
in this order.} 10. Bd3 (10. Bf4 {was a principled try, but here Black gets
interesting play:} Nf6 11. Bc4 {threatening Rhe1 and direct threats against e7/
d6} b5 (11... d5 12. Bxd5 Nxd5 13. Qxd5 $16 {looks good and safe for White})
12. Bxb5 Qa5 13. Bc4 Be6 $1 $132) 10... Nf6 11. Rhe1 Be6 12. Bg5 (12. c4 $6 {
trying to stop ...d5 like this is dangerous, since it creates a dangerous
contact point in the queenside} b5 $1 13. cxb5 a6 $40 {and White is already
starting to come under a strong initiative.}) (12. Kb1 $5 {keeping things
flexible for now (Ng5! is an idea if 12...d5 is played)} d5 13. Ng5 c4 14. Nxe6
fxe6 15. Bf1 $40 {and White can attack the e6-pawn and launch a pawn storm in
the kingside.}) 12... h6 $2 {It is hard to say what Harikrishna had missed,
White's attack is very straightforward.} (12... d5 $1 $36 {would conclude a
successful opening idea 9...c5!?, but it is far from easy:} 13. Qf4 {looks
very threatening, intending Qh4 to provoke ...h6} Qb6 $1 14. Qh4 h6 15. Bxh6
gxh6 16. Qxh6 (16. g4 $5 {doesn't change much} Rfe8 17. Qxh6 (17. g5 $2 Ne4 18.
Rxe4 dxe4 19. Qxe4 Kf8 20. Qh7 Bd6 $17 {now Black wants to play for a win})
17... Ne4 18. Rxe4 dxe4 19. Bxe4 Bf5 {pretty much the same line as in 16.Qxh6}
20. Qxb6 axb6 21. Bxf5 Rxa2 $13) 16... Ne4 $1 17. Rxe4 (17. Bxe4 dxe4 18. Rxe4
Rfd8 $17 {and Black is fine, Bf8-Bg7 is coming}) 17... dxe4 18. Bxe4 Bf5 $1 19.
Qxb6 axb6 20. Bxf5 Rxa2 $13 {with a weird endgame, where Black is definitely
in the game.}) 13. Bxh6 $1 c4 (13... gxh6 $2 {is simply losing} 14. Qxh6 $18 {
with a devastating attack, Ng5, Rxe6, etc.}) 14. Bxg7 $1 cxd3 (14... Kxg7 {
makes it all easier for White} 15. Qg5+ Kh8 16. Qh6+ Kg8 17. Ng5 cxd3 18. Rxe6
fxe6 19. Qg6+ Kh8 20. Rxd3 $18 {with mate to follow.}) 15. Qg5 {Now Black
doesn't have a choice, all the next moves are forced.} (15. Qh6 {was also good
enough, which makes me wonder even more what Black missed after playing 12...
h6?, considering Harikrishna is such a precise and gifted tactical player} Nh7
16. Rxd3 Re8 $2 (16... Bf6 17. Bxf8 Qxf8 18. Qxf8+ Nxf8 19. Rxd6 $18 {with a
similar endgame as was played}) 17. Rxe6 $1 fxe6 18. Qg6 $1 Nf8 19. Bxf8+ Kxf8
{there are many winning moves here} 20. Rd4 e5 21. Rg4 $18) 15... Ne4 16. Qh6
Bg5+ (16... f5 $2 17. Bxf8 $18 {followed by Qxe6, winning.}) 17. Nxg5 Qxg5+ 18.
Qxg5 Nxg5 19. Bxf8 dxc2 (19... Kxf8 {would be very similar to the game,
perhaps even worse} 20. Rxd3 d5 21. Re5 $1 Nh7 22. Rh5 Kg7 23. Rg3+ Kh8 24. Kd2
$18) 20. Rxd6 Kxf8 21. h4 Nh7 22. Kxc2 $18 {Reaching a very promising endgame,
White has three pawns and a rook against two pieces, which is definitely
enough for a win. Naturally, it is not simple, reinforcing the fact that
beating a player like Harikrishna demands precision and energy from beginning
to end, and, as we will see, Karjakin doesn't lack technique, as usual.} Nf6 {.
} 23. f3 Ke7 24. Rd4 Rh8 25. c4 Nd7 26. b3 {In the last moves, White placed
his pawns on squares of the same colour as the opponent's bishop, a standard
concept to use, specially in endings, aiming to limit that bishop's scope.} a6
27. Kc3 Nb8 28. g3 {Now the next part of the plan will be to prepare the h5-g4
advances to create serious threats with the kingside pawns.} Nc6 29. Rd2 Kf6
30. Rh2 b5 31. cxb5 axb5 32. Rd2 (32. g4 {was possible, following the plan,
but I guess Karjakin didn't want to give up the d-file in the following line:}
Rc8 {threatening ...Ne5} 33. Kb2 Rd8 34. h5 Kg7 $16 {and it is not quite clear
how to make progress.}) 32... Rh5 33. Re3 Ne7 34. Re4 Rf5 35. Rd3 Rc5+ 36. Kd2
$1 {Bringing the king to f2.} Nf5 37. Rg4 $1 {I like this move from a
practical point of view, even placing a rook on such a square.} (37. f4 {
would be a possible reaction, to avoid the awkward placement of the white rook
on g4. On the other hand, White did not want to place his pawns on dark
squares, allowing a possible blockade on the light squares.} Nh6 38. Re5 $1 {
a very deep computer-like move. I would definitely choose Karjakin's move 37.
Rg4 instead of trying to find a forced win. The important thing to learn from
here is that there is no rush to win any chess game, you get 1 point in all
cases, it doesn't matter if it takes 20 or 80 moves.} Rxe5 39. fxe5+ Kxe5 40.
a4 bxa4 41. bxa4 Nf5 42. a5 Bc4 43. Ra3 Ba6 44. Rb3 $18 {and apparently Black
can't stop White's passed pawns.}) 37... Rc8 38. Rc3 Ra8 39. Rc2 Ne7 (39...
Rd8+ {trying to take advantage of the Ne3/Nd4 tactical shots, wouldn't change
much:} 40. Ke1 Ne3 41. Rf4+ Kg6 42. Rd2 Rc8 43. Kf2 Nd5 44. Rfd4 $16 {and
White regroups slowly as in the game.}) 40. Rf4+ Kg7 41. Ke1 Nd5 42. Rd4 Kf6
43. Kf2 Ke5 44. Re4+ Kd6 45. h5 Ke7 46. g4 {Karjakin is not in a hurry, but
finally he starts advancing his pawns, in a way they become really dangerous.
Black will soon find himself in a hopeless situation.} Kd6 47. Rd2 f5 48. gxf5
Bxf5 49. h6 Rh8 50. Red4 Be6 51. Rh4 Ke7 52. Rh5 Nf6 53. Rxb5 Rxh6 54. a4 Rh1
55. a5 $18 Nd7 56. b4 Bc4 57. Rg5 Ke6 58. Rd4 Rc1 59. a6 Rc2+ 60. Kg3 Bf1 61.
a7 Nb6 62. Rd1 1-0

[Event "Bundesliga 1718 playoff"]
[Site "Baden-Baden"]
[Date "2018.05.24"]
[Round "1.1"]
[White "Giri, Anish"]
[Black "Caruana, Fabiano"]
[Result "1-0"]
[WhiteElo "2776"]
[BlackElo "2822"]
[Annotator "Mekhitarian,K"]
[PlyCount "101"]
[EventDate "2018.05.24"]
[EventType "team-match"]
[EventRounds "1"]
[EventCountry "GER"]
[SourceTitle "CBM 185"]
[Source "ChessBase"]
[SourceDate "2018.07.13"]
[SourceVersion "1"]
[SourceVersionDate "2018.07.13"]
[SourceQuality "1"]
[WhiteTeam "Solingen"]
[BlackTeam "Baden-Baden"]
[WhiteTeamCountry "GER"]
[BlackTeamCountry "GER"]

1. e4 e5 2. Nf3 Nf6 {The mighty Petroff or Russian Defence! Fabiano Caruana
has been using it exclusively against 1.e4 and had amazing results in the last
tournaments - he basically won all the tournaments he played in at the
beginning of 2018 (and the London Classic at the end of 2017).} 3. Nxe5 d6 4.
Nf3 Nxe4 5. d4 d5 6. Bd3 Bd6 7. O-O O-O 8. c4 c6 {This is the 7th time Caruana
as played this position since 2017!} 9. Nc3 Nxc3 10. bxc3 dxc4 11. Bxc4 Bf5 {
This is the idea he has been trying lately. 11...Bg4 is more common.} (11...
Bg4 {was played for the first time back in 1909, against the great World
Champion Capablanca.} 12. Qd3 (12. h3 Bh5 13. g4 Bg6 14. Ne5 Nd7 15. f4 {
enters a very tense position as well:} b5 16. Nxg6 hxg6 17. Bb3 Nb6 (17... c5
$1 $132) 18. Qf3 Qd7 $6 19. f5 $1 Nd5 20. fxg6 fxg6 21. Bxd5+ cxd5 22. Qxd5+
Kh7 23. Bf4 $16 {1-0 (45) So,W (2710)-Ipatov,A (2584) Tromsoe 2013}) 12... Nd7
13. Ng5 Nf6 14. h3 Bh5 15. f4 h6 16. g4 hxg5 17. fxg5 Nxg4 18. hxg4 Bxg4 $2 {
Black went wrong here, but it is amazing to see that the game was played at a
very high level until this move. Of course, Capablanca had White, but that was
a time where no one had any computers or advanced chess theory.} (18... Qd7 $1
19. gxh5 Qg4+ 20. Kf2 b5 $13 {with a very complicated position, the computer
evaluates it as equal.}) (18... b5 $5) 19. Qe4 Qd7 20. g6 $18 {1-0 (41)
Capablanca,J-Northrup,G New York,NY 1909}) 12. Bg5 (12. Re1 Nd7 13. Bg5 Qa5 {
Black has been scoring well in this position.} 14. Nh4 Nb6 15. Bb3 Bd7 16. Bd2
Rae8 17. Rxe8 Rxe8 18. Rb1 Qa6 {[%cal Ga6d3]} 19. Qh5 Nc4 20. Nf3 h6 {
Positionally, Black is doing fine with the better pawn structure, he just has
to keep watching the initiative around his king.} 21. h3 (21. Bxh6 $6 gxh6 22.
Qxh6 Bf8 23. Qf4 c5 $1 $17 {[%csl Rb1][%cal Ra6g6,Rf8h6]}) 21... Be6 (21... b5
$1 {[%cal Ga6c8,Gd7f5]} 22. Bxh6 $2 gxh6 23. Qxh6 Bf8) 22. Re1 Qb5 (22... b5
23. Bxh6 $1 gxh6 24. Qxh6 Bf8 25. Qh5 Bg7 26. Ng5 $40 {[%csl Re1] now White
has an important rook helping in the attack}) 23. Qh4 Nxd2 24. Nxd2 Qd3 25. Ne4
$11 {0-1 (40) Liang,A (2552)-Lenderman,A (2599) Saint Louis 2018}) 12... Qa5
13. Nh4 $5 Be6 14. Bxe6 Qxg5 (14... fxe6 $2 {is just bad.} 15. Qg4 $16) 15. Nf3
Qd8 (15... Qa5 $1 {has been the latest trend, after this game. I think the
main advantage for Black is that the rooks are connected, and he will be able
to play ...Rae8 faster now.} 16. Bb3 Nd7 (16... Qxc3 $2 17. Ng5 $1 $18 {
with a deadly attack}) 17. Qd3 {Tregubov played two games here and did not
have any problems:} Nf6 (17... Rae8 18. g3 g6 19. Nd2 Qd8 20. Rfe1 Kg7 21. Kg2
Rxe1 22. Rxe1 Re8 23. Rxe8 {½-½ (23) Bellahcene,B (2488)-Tregubov,P (2578)
Brest 2018}) 18. g3 g6 19. Rae1 Rae8 20. Kg2 Kg7 21. h4 h6 22. c4 Qd8 23. Bc2
Rxe1 24. Rxe1 Re8 $11 {½-½ (27) Cornette,M (2600)-Tregubov,P (2578) Brest
2018}) 16. Bb3 Nd7 17. Re1 g6 18. g3 Kg7 19. Qd3 Nf6 20. Rad1 (20. c4 c5 $1 (
20... Re8 $6 21. Rxe8 Qxe8 22. c5 Bc7 23. Ng5 $36) 21. d5 {was probably what
Giri wanted to avoid.} Re8 {should be fine for Black.}) 20... Rc8 21. h4 (21.
Ne5 {was another way to use the initiative, but Black is also fine after} Qc7
22. f4 c5 $1 23. Qf3 b5 $1 $132) 21... Rc7 $1 22. Kg2 Re7 23. Rxe7 Qxe7 24. Re1
Qd7 {Giri keeps a slightly more preferrable position, but there is nothing
serious going on, Black should be able to hold with precise play.} 25. Ne5 Bxe5
26. Rxe5 Re8 27. Qe2 h5 {Black does not need to to anything here, so Caruana
patiently waits to see what are White's intentions.} 28. f3 Kf8 29. Rxe8+ Nxe8
30. Qe5 Nd6 31. Kf2 Kg8 $6 (31... b6 $1 32. g4 {now doesn't work as well as in
the game:} hxg4 33. fxg4 Nb5 $1 $132 {[%csl Rc3,Rd4]}) 32. g4 $1 {Probably
underestimated by Caruana, now the position becomes more difficult to defend.}
hxg4 33. fxg4 Qd8 (33... Nb5 34. Qf6 $1 {[%cal Gf6g6]} Kf8 35. h5 gxh5 36. gxh5
{with a strong attack. ...Nxc3 loses the knight:} Nd6 (36... Nxc3 $2 37. Qh8+
Ke7 38. Qe5+ $18 {followed by either Qa5+ or Qc5+ picking up the knight.}) 37.
Qh8+ Ke7 38. Qe5+ Kf8 39. Kg3 $16) 34. Kf3 Kh7 $2 (34... Qd7 $1 {was the last
chance to stop White from playing h5. After the game continuation, the
defensive task is even more difficult.} 35. Qf6 Kh7 36. Kf4 b5 37. h5 gxh5 38.
gxh5 Qh3 $1 $132 {[%cal Rf6d6,Rh3h2] The knight can not be taken because of ...
Qh2+.}) 35. h5 $16 f6 36. Qe6 Kg7 37. Kf4 {Provoking ...g5+, a move that would
be very bad for Black.} a5 $1 38. a3 (38. Bc2 $1 gxh5 (38... Nf7 39. Bxg6 Qc7+
40. Ke3 Ng5 41. Qe8 Qg3+ 42. Kd2 Nf3+ 43. Kc1 $1 $18 {and White is able to
escape (Kb2-Bc2 will be played if Black keeps giving checks).}) 39. gxh5 Nf7 $5
$132 {trying some counterplay against the white king.}) 38... gxh5 (38... a4 $1
{It would be nice to add this move before playing the game variation.} 39. Ba2
{[%csl Ra3]} (39. Bxa4 $6 Nf7 $1 $132 {[%cal Rf7g5,Rd8c7] suddenly starting
some counterplay}) 39... gxh5 40. gxh5 Kh6 41. Bb1 Nb5 $1 $132 {A very
counterintuitive move.}) 39. gxh5 Kh6 40. Bc2 Qf8 $2 (40... c5 $1 41. Kf3 {
threatening Qg4 (because ...Qe8 will fail for Qf4+ then).} (41. dxc5 Nf7 $1
$132) (41. Qg4 $2 Qe8 $1 $11) 41... cxd4 42. cxd4 (42. Qg4 $6 Qe8 43. Qf4+ Kxh5
44. Qxd6 $2 (44. Qh2+ Kg5 45. Qf4+ Kh5 $11) 44... Qe3+ $19) 42... Kg7 $16 {
and the struggle continues!}) (40... Kxh5 $4 41. Qh3#) 41. Kf3 $1 {Now the
threat is Qg4 again, Black is already losing.} Ne8 {Now White starts to play
some mysterious king moves, that I understand only partly, to be honest.} (
41... Kxh5 $4 42. Qg4+ Kh6 43. Qg6#) 42. Kg2 (42. Qg4 $2 Qf7 $1 $132) 42... Nd6
43. Kf2 $1 {Achieving the ideal position for the king, but the bishop still
has to be manoeuvred to d3.} (43. Qg4 $2 Qg7 $1 {[%cal Rg7g2]}) 43... b6 (43...
Ne8 44. Bd3 $1 {finally forcing a black pawn to move.} Nd6 45. Qg4 $1 {works
now} Qg7 46. Qf4+ Qg5 47. Qxd6 Qd2+ 48. Be2 $18) 44. Kf3 {White threatens to
play Qg4 once again and Black has to give a pawn away in order to stop that.} (
44. Qg4 {doesn't quite work here:} Qg7 45. Qf4+ $2 Qg5 $1 46. Qxd6 Qd2+ {
and Black escapes with a draw:} 47. Kf3 (47. Kf1 Qc1+ $1) 47... Qxc3+ 48. Kg4
Qxc2 49. Qxf6+ Kh7 $11) 44... Ne8 45. Qxc6 Nd6 46. Qxb6 $18 Qe7 (46... Qa8+ {
wouldn't change much:} 47. Kf2 $1 Qd5 48. Qb8 $18) 47. Qb8 Nf7 48. Qg8 $1 Ng5+
49. Kf4 Nh3+ 50. Kf5 Qd7+ 51. Kxf6 {A nice technical win from Anish Giri, who
is always a force to be reckoned with amongst the top players.} 1-0

[Event "EU-ch (Women) 20th"]
[Site "Antalya"]
[Date "2019.04.13"]
[Round "3"]
[White "Vega Gutierrez, Sabrina Neide"]
[Black "Kashlinskaya, Alina"]
[Result "0-1"]
[WhiteElo "2391"]
[BlackElo "2477"]
[Annotator "Mikhalchishin,A"]
[PlyCount "50"]
[EventDate "2019.04.11"]
[EventType "swiss"]
[EventRounds "11"]
[EventCountry "TUR"]
[SourceTitle "CBM 190"]
[Source "ChessBase"]
[SourceDate "2019.06.30"]
[SourceVersion "1"]
[SourceVersionDate "2019.06.30"]
[SourceQuality "1"]
[WhiteClock "0:01:00"]
[BlackClock "1:30:00"]

1. e4 e5 2. Nf3 Nf6 3. Nxe5 d6 4. Nf3 Nxe4 5. Nc3 Nxc3 6. dxc3 Be7 7. Be3 Nc6
8. Qd2 Be6 9. O-O-O Qd7 10. a3 a6 ({Much riskier seems to be} 10... h6 11. Nd4
(11. Kb1 Rg8 12. Bd3 O-O-O 13. Qe2 Bf6 14. Bb5 Kb8 15. Rhe1 g5 16. Nd2 Bh8 17.
Nb3 Bxb3 18. cxb3 Qf5+ 19. Bd3 {with the better play, Kasimdzhanov,R (2698)-Li,
D (2488) Chengdu 2017}) 11... Nxd4 12. Bxd4 Rg8 13. Be2 c5 (13... a6 14. c4
O-O-O 15. Qc3 g6 16. b3 Bg4 17. f3 Be6 18. Rhe1 Rge8 19. Kb1 h5 20. Bf2 Qc6 21.
Bd3 d5 22. c5 Bd7 23. Bd4 Bf8 24. Rg1 {with a slight advantage, Alekseenko,K 
(2639)-Timofeev,A (2580) St Petersburg RUS 2018}) 14. Be3 d5 15. f4 O-O-O 16.
Bf3 Bg4 {with equality, Karjakin,S (2763)-Caruana,F (2784) Berlin GER 2018})
11. Nd4 ({It was possible to start an attack with} 11. h4 h6 (11... Bf6 12. Ng5
O-O-O 13. Nxe6 fxe6 14. g3 d5 15. Bh3 Kb8 16. Rhe1 Rhe8 17. f4 Na5 18. Bd4 Nc4
19. Qd3 Qb5 {game is equal,(35) Vachier Lagrave,M (2780)-Duda,J (2738) chess.
com INT 2019}) 12. Nd4 Nxd4 13. Bxd4 Rg8 14. c4 c5 15. Bc3 Qa4 16. g3 O-O-O 17.
Bd3 h5 18. Rhe1 d5 19. cxd5 Rxd5 20. Qe3 g6 21. Be4 {and White kept a slight
advantage, Andreikin,D (2721)-Liu Qingnan (2543) China 2019}) (11. Be2 h6 12.
Nd4 Nxd4 13. cxd4 d5 14. Rhe1 O-O-O 15. Bf4 Bd6 16. Bd3 Rhe8 17. h4 Qe7 18. g3
Bxf4 19. Qxf4 Qd6 20. Qxd6 Rxd6 21. Kd2 {The endgame is fully equal, Bok,B 
(2611)-Kuzubov,Y (2690) Hersonissos GRE 2017}) 11... Nxd4 12. Bxd4 O-O ({
Some players here used a very agressive but wrong strategy, deciding to castle
to the other side:} 12... Rg8 $2 13. Bd3 h6 14. Bh7 Rh8 15. Be4 Kf8 16. Bxb7 $5
({Correct was} 16. c4 Bxc4 $2 17. Qc3) 16... Rb8 17. Bxa6 Qa4 18. Be2 d5 19.
Qe3 Rxb2 20. Kxb2 Bxa3+ 21. Kb1 Ke7 22. Bc5+ Kd7 23. Rxd5+ Bxd5 24. Qe7+ Kc6
25. Bxa3 Rb8+ 26. Kc1 {with winning position.Bacrot,E (2718)-Li Chao2 (2732)
Liaocheng CHN 2018}) 13. Rg1 ({Much better was to start different attack:} 13.
f4 b5 14. h3 a5 15. g4 b4 16. f5) 13... Qa4 14. f4 c5 15. Bf2 b5 {You can say
what you want, but Black started to attack first!} 16. Re1 ({A very dangerous
black attack starts after} 16. g4 b4 17. cxb4 Rab8 18. f5 cxb4 19. fxe6 bxa3)
16... Bf6 ({Another way was} 16... b4 17. cxb4 Rab8 18. Qe2 cxb4 19. Qxa6 Qd7
20. a4 Rfc8) 17. g4 b4 $1 {This typical attack is very dangerous here.} 18.
cxb4 Rab8 19. b5 ({The tricky defence} 19. Re4 {would be met with} a5 20. f5
Bd7 21. Qxd6 axb4 22. Bc4 Bc6) 19... axb5 20. g5 {[#]} Bxb2+ $1 {Black starts
a classical decisive attack.} 21. Kxb2 b4 22. Rg3 ({Or} 22. Ra1 bxa3+ 23. Kc1
a2 24. Qc3 Qxf4+ 25. Be3 Qh4 26. Be2 Rb4) 22... bxa3+ 23. Ka1 a2 ({Also
possible was the other way} 23... Rb2 24. Rxe6 fxe6 25. Bh3 Rxc2 26. Bxe6+ Kh8
27. Qe1 Qxf4) 24. Qc3 Qxf4 (24... Rb4 {followed by doubling rooks on the
b-file also won.}) 25. Rf3 Rb1+ 0-1

[Event "Lee Cup 4th"]
[Site "Beijing"]
[Date "1997.09.04"]
[Round "11"]
[White "Ye, Jiangchuan"]
[Black "Wu, Wenjin"]
[Result "0-1"]
[WhiteElo "2530"]
[BlackElo "2320"]
[Annotator "Mikhalevski,V"]
[PlyCount "56"]
[EventDate "1997.08.23"]
[EventType "swiss"]
[EventRounds "11"]
[EventCountry "CHN"]
[SourceTitle "CBM 061"]
[Source "ChessBase"]
[SourceDate "1997.11.23"]
[SourceVersion "1"]
[SourceVersionDate "1997.11.23"]
[SourceQuality "1"]

1. e4 e5 2. Nf3 Nc6 3. Nc3 Nf6 4. g3 Bb4 5. Bg2 O-O 6. d3 d5 7. exd5 Nxd5 8.
Bd2 Nxc3 9. bxc3 Bd6 10. O-O Bf5 (10... h6 11. h3 f5 12. Re1 Qf6 13. c4 e4 14.
dxe4 fxe4 15. Rxe4 Bf5 16. Re3 Bxc2 17. Qxc2 Qxa1+ 18. Kh2 Qf6 19. c5 Be7 20.
Qb3+ Rf7 21. Bc3 Qg6 22. Rxe7 Nxe7 23. Ne5 Qf5 24. Qxb7 Rc8 25. Nxf7 {
Nikolenko,O-Kozlov,V/Belgorod GMA-qual 1989/TD 89\02/1/2-1/2 (49)}) 11. Rb1 Rb8
12. Re1 (12. Ng5 $5 h6 (12... Qd7) 13. Ne4 {/\f4} (13. Bxc6 $2 bxc6 14. Qf3 Qd7
$15)) 12... Qd7 13. c4 b6 14. Bc3 Rfe8 15. Qc1 (15. Nh4 $5 Be6 $1 (15... Bh3 $6
16. Bxh3 Qxh3 17. Qf3 $14) 16. Bxc6 Qxc6 17. Bxe5 Bxe5 18. Rxe5 Bh3 19. Qf3 Qa4
$44 20. Reb5 Bd7 21. R5b2 $13) 15... Bh3 $6 (15... f6 $142) 16. Bh1 $6 (16.
Bxh3 $142 Qxh3 17. Qe3) 16... f6 17. Nd2 Kh8 18. Nb3 $6 (18. Ne4 $142) 18...
Bf8 19. Qb2 $6 Rbd8 20. Re4 $6 Bf5 21. Re3 $6 (21. Ree1) 21... a5 $15 22. a4 $6
(22. Rbe1 $6 a4 23. Nd2 Bc5 $36) (22. Be4) (22. Ree1) 22... Nb4 (22... Bb4 $5)
23. Ra1 Bh3 24. Bf3 Na6 25. Bh5 g6 26. Bf3 Nc5 27. Nxc5 Bxc5 28. Re4 $4 (28.
Re2 $15) 28... Qf5 0-1